000 00586nam a2200181 i 4500
001 44784
003 ES-MaACL
005 20250808063500.0
007 t|
008 030324s1963 sp ||||1| spa d
100 1 _aCioranescu, Alejandro,
_d1911-1999
_938865
245 1 0 _aMercader de azucar, hispanista y hereje /
_cAlejandro Cioranescu, Thomas Nichols.
260 _aLa Laguna de Tenerife :
_b[s.n.,
_c1963] (
_fGráf Goya)
300 _a130 p., 4 lám. ;
_c21 cm.
700 1 _aNichols, Thomas.
_985539
852 _aES-MaACL
_jC-24861
_bR.52328
999 _c44784
_d44784